RECONSTRACTIVE FACIAL PLASTICS SURGERY (Record no. 3764)

MARC details
000 -LEADER
fixed length control field 00363nam a2200145Ia 4500
008 - FIXED-LENGTH DATA ELEMENTS--GENERAL INFORMATION
fixed length control field 150201s2001 xx 000 0 und d
082 ## - DEWEY DECIMAL CLASSIFICATION NUMBER
Classification number R2001W
Item number 617.525
100 ## - MAIN ENTRY--PERSONAL NAME
Personal name WEERDA,HILKO
245 ## - TITLE STATEMENT
Title RECONSTRACTIVE FACIAL PLASTICS SURGERY
250 ## - EDITION STATEMENT
Edition statement 1ST
260 ## - PUBLICATION, DISTRIBUTION, ETC. (IMPRINT)
Name of publisher, distributor, etc. THIENE PUBLICATION
Place of publication, distribution, etc. NEW YORK
Date of publication, distribution, etc. 2001
300 ## - PHYSICAL DESCRIPTION
Extent 1-148
650 ## - SUBJECT ADDED ENTRY--TOPICAL TERM
Topical term or geographic name as entry element SURGERY
942 ## - ADDED ENTRY ELEMENTS (KOHA)
Source of classification or shelving scheme Dewey Decimal Classification
Koha item type Books
Holdings
Withdrawn status Lost status Source of classification or shelving scheme Damaged status Not for loan Home library Current library Date acquired Source of acquisition Cost, normal purchase price Serial Enumeration / chronology SGTU Bill Number Total Checkouts Full call number Barcode Date last seen Bill Date Koha item type
    Dewey Decimal Classification     SGT Dental Library SGT Dental Library 22/12/2007 U.B.S.DELHI 6088.00 1 SGTU 821   R2001W 617.525 FD4637 09/02/2015 20/09/2012 Books
    Dewey Decimal Classification     SGT Dental Library SGT Dental Library 22/12/2007 U.B.S.DELHI 6088.00 1 SGTU 821   R2001W 617.525 FD4638 09/02/2015 20/09/2012 Books